Tabla de Contenidos: volumen 7, 1981
Պահպանված է:
| Ձևաչափ: | Գիրք |
|---|---|
| Լեզու: | Spanish |
| Ցուցիչներ: |
Ավելացրեք ցուցիչ
Չկան պիտակներ, Եղեք առաջինը, ով նշում է այս գրառումը!
|
MARC
| LEADER | 00000nam a22000007a 4500 | ||
|---|---|---|---|
| 003 | cru IIS | ||
| 005 | 20210715155128.0 | ||
| 008 | 210715s1981 cr|||||| |||| 00| 0 spa d | ||
| 022 | |a 0377-7316 | ||
| 040 | |a Centro de Recursos para el Aprendizaje y la Investigación |b Español |c cru IIS | ||
| 090 | |a REV0040 7 1981 | ||
| 245 | |a Tabla de Contenidos: |b volumen 7, 1981 | ||
| 500 | |a Colección Centroamérica | ||
| 505 | |a Contenidos: 1.Hacia una interpretación del desarrollo histórico de las ciudades capitales de Centroamérica. (1870-1930) / Rodrigo Fernández Vásquez --2.El proceso histórico en la formación urbana guatemalteca (1773-1944) / Gilda Segreda Sagot, Jorge Arriaga --3.San Salvador (1880-1930): La lenta Consolidación de la capital Salvadoreña / Sonia Baires, Mario Lungo --4.San José en la transformación social del espacio regional: Siglo XIX / José Luis Vega Carballo --5.Breve reseña de la evolución demográfica de la ciudad de Panamá. / Tomás Sosa | ||
| 773 | 0 | |0 18765 |9 5775 |a Universidad de Costa Rica. |d San José, Costa Rica: Editorial Universidad de Costa Rica, 1974- |o 21394 |t Anuario de Estudios Centroamericanos / |x 03777316 | |
| 942 | |2 ddc |c PP |h REV0040 7 1981 |k REV0040 |m 7 1981 |6 REV0040_7_1981 | ||
| 999 | |c 43769 |d 43769 | ||
